[Event "14th SRB-ch 2020"]
[Site "Vrnjacka Banja"]
[Date "2020.12.07"]
[Round "1.1"]
[White "Markus, Robert"]
[Black "Lajthajm, Borko"]
[Result "1-0"]
[WhiteElo "2592"]
[BlackElo "2383"]
[Annotator "TA"]
[PlyCount "71"]
[EventDate "2020.12.07"]
[EventType "tourn"]
[EventCountry "SRB"]
[SourceTitle "playchess.com"]
[Source "ChessBase"]
[SourceQuality "1"]

{[%evp 11,71,9,21,7,32,27,51,47,57,57,61,44,83,54,86,74,84,72,77,77,84,84,85,84,79,80,98,79,122,110,119,110,114,111,170,119,107,40,174,161,716,713,847,818,1356,768,747,-683,864,861,1647,1546,1399,984,1762,1695,6318,6311,29987,29988,29997,1431]} 1. d4 Nf6 2. c4 e6 3. Nf3 Bb4+ 4. Bd2 a5 5. g3 O-O 6. Bg2 d5 7. Qb3 $5 {[%mdl 4] [#] 7.Qc2 is the modern continuation. An interesting side line. E11: Bogo-Indian.} Nc6 $146 ({Predecessor:} 7... Be7 8. O-O c6 9. Rd1 b5 10. c5 Ne4 11. Bf4 Nd7 12. Nc3 g5 13. Nxe4 gxf4 14. Nd6 fxg3 15. hxg3 Bxd6 16. cxd6 {½-½ (45) Pogonina,N (2479)-Haug,J (2407) Caleta 2020}) 8. O-O Bxd2 9. Nbxd2 {White is slightly better.} Qe7 10. Qc3 Rd8 11. Rad1 Ra6 12. e3 Qb4 13. Qc2 a4 14. Ne1 a3 15. Nd3 Qe7 16. b3 {[%cal Bb2b3,Bb3c4,Bc4d5][%mdl 32]} Bd7 17. Qc3 Be8 18. Rb1 Ra7 19. Rfc1 dxc4 20. bxc4 b6 21. Nf3 Ne4 22. Qc2 f6 (22... h6 $16 {is a better defense.} 23. c5 bxc5) 23. Nf4 (23. c5 $18) 23... f5 $16 24. d5 (24. Nd3 $16) 24... exd5 ({Black should play} 24... Nb4 $14 25. Qb3 c5) 25. cxd5 $18 Nd4 $2 {[#]} (25... Nb4 26. Qc4 Na6) 26. Nxd4 g6 27. Bxe4 Ba4 28. Nb3 fxe4 29. Qxe4 $4 {[%mdl 8192] [#]} (29. Qc4 $18) 29... Qd6 $4 {[%mdl 8192]} (29... Qxe4 $19 30. Nd2 Qe7) 30. Nd4 Ra5 31. Nde6 Rd7 32. Qb4 Rxd5 33. Qxa4 Rd2 34. Qa8+ Kf7 35. Qh8 c5 36. Qg7+ {Weighted Error Value: White=0.59/Black=0.54} 1-0

[Event "14th SRB-ch 2020"]
[Site "Vrnjacka Banja"]
[Date "2020.12.07"]
[Round "1.2"]
[White "Kovacevic, Aleksandar"]
[Black "Indjic, Aleksandar"]
[Result "0-1"]
[WhiteElo "2480"]
[BlackElo "2604"]
[Annotator "TA"]
[PlyCount "76"]
[EventDate "2020.12.07"]
[EventType "tourn"]
[EventCountry "SRB"]
[SourceTitle "playchess.com"]
[Source "ChessBase"]
[SourceQuality "1"]

{[%evp 10,76,41,38,41,30,54,36,36,43,44,25,20,0,35,18,15,10,16,15,37,23,33,38,27,10,0,2,98,67,80,68,69,62,111,95,106,106,100,70,77,39,38,11,42,43,31,35,35,33,29,29,29,29,29,29,29,0,0,0,0,-895,-1089,-2045,-1770,-29969,-29970,-12830,-9982]} 1. e4 e5 2. Nf3 Nc6 3. Bb5 a6 4. Ba4 Bc5 5. c3 Nge7 6. O-O Ng6 {C64: Ruy Lopez: Classical Defence (3...Bc5) except 4 0-0 Nf6.} 7. d4 Ba7 {[#]} 8. Bxc6 $146 ({Predecessor:} 8. Bg5 f6 9. Be3 O-O 10. Re1 d6 11. Nbd2 Kh8 12. h3 exd4 13. Nxd4 Nxd4 14. Bxd4 {1-0 (60) Dominguez Perez,L (2760)-Nabaty,T (2678) Netanya 2019}) 8... dxc6 {White is slightly better.} 9. Nxe5 Nxe5 10. dxe5 Qe7 11. Qh5 h6 12. Na3 g5 13. Qf3 Qxe5 14. Nc4 Qe6 15. b3 Bd7 16. Be3 c5 17. Rad1 O-O-O $1 18. Rd5 b6 (18... Bb5 $11 {keeps the balance.}) 19. Re5 $36 {[%mdl 2048] White has some pressure.} Qg6 20. Re7 Rhe8 21. Ne5 Qd6 22. Rxe8 $1 Rxe8 23. Nxd7 Qxd7 24. Rd1 Qe6 25. h3 (25. e5 {feels hotter.} Kb8 26. h3 Qxe5 27. Qxf7 Kb7 28. c4) 25... Bb8 26. Qf5 c6 27. g4 Be5 28. Qxe6+ Rxe6 $14 {[%mdl 4096] Endgame KRB-KRB} 29. Rd3 $1 Kc7 30. Kg2 Rd6 31. Rxd6 Kxd6 $11 {KB-KB} 32. c4 Bf4 {Threatening ...Bxe3.} 33. Bxf4+ (33. Kf3 {is more complex.} Be5 34. Ke2 Bh2 35. f3 Bg3 36. Kd3) 33... gxf4 {KP-KP} 34. h4 Ke6 35. Kf3 $2 {[%mdl 8192]} (35. f3 $11) 35... Ke5 $19 36. a3 {[#]} b5 $1 37. a4 bxa4 38. bxa4 {[#]} a5 $1 {Accuracy: White = 66%, Black = 82%.} 0-1

[Event "14th SRB-ch 2020"]
[Site "Vrnjacka Banja"]
[Date "2020.12.07"]
[Round "1.3"]
[White "Budisavljevic, Luka"]
[Black "Perunovic, Milos"]
[Result "1/2-1/2"]
[WhiteElo "2492"]
[BlackElo "2576"]
[Annotator "TA"]
[PlyCount "53"]
[EventDate "2020.12.07"]
[EventType "tourn"]
[EventCountry "SRB"]
[SourceTitle "playchess.com"]
[Source "ChessBase"]
[SourceQuality "1"]

{[%evp 13,53,8,5,4,25,0,0,0,5,4,1,0,0,-42,-41,-56,-50,-54,-49,-50,-41,-49,-36,-29,-27,-50,0,-10,0,0,0,0,0,0,0,0,0,0,0,0,0,0]} 1. d4 d5 2. c4 c6 3. Nf3 Nf6 4. e3 e6 5. Bd3 dxc4 6. Bxc4 Nbd7 7. O-O Bd6 8. b3 {D30: Queen's Gambit Declined: Systems without Nc3.} e5 {[#]} 9. Ba3 $146 ({Predecessor:} 9. Qc2 O-O 10. Nbd2 Qe7 11. Bb2 e4 12. Ng5 Bxh2+ 13. Kxh2 Ng4+ 14. Kg1 Qxg5 15. Qxe4 Ndf6 {½-½ (52) Nickel,A (2648)-Turgut,T (2618) ICCF email 2013}) 9... Bxa3 10. Nxa3 e4 11. Nd2 Qe7 12. Nc2 Nb6 {[%cal Bd7b6,Bb6d5,Bd5c3][%mdl 32]} 13. f4 O-O 14. Qe1 Nbd5 15. h3 a5 16. a4 Bd7 17. Qh4 Nc3 {[#] White must now prevent ...b5.} 18. Rfc1 b5 19. Bf1 Qd6 20. Qe1 {The position is equal.} Nfd5 21. Na3 Rfc8 22. Nab1 b4 23. Nxc3 Nxc3 24. Nb1 Nd5 25. Nd2 Nc3 $1 26. Nb1 Nd5 27. Nd2 {Accuracy: White = 89%, Black = 94%.} 1/2-1/2

[Event "14th SRB-ch 2020"]
[Site "Vrnjacka Banja"]
[Date "2020.12.07"]
[Round "1.4"]
[White "Ivanisevic, Ivan"]
[Black "Todorovic, Goran M"]
[Result "1-0"]
[WhiteElo "2608"]
[BlackElo "2417"]
[Annotator "TA"]
[PlyCount "89"]
[EventDate "2020.12.07"]
[EventType "tourn"]
[EventCountry "SRB"]
[SourceTitle "playchess.com"]
[Source "ChessBase"]
[SourceQuality "1"]

{[%evp 11,89,20,37,37,20,20,32,16,38,40,36,37,39,41,36,25,36,18,25,0,0,0,0,0,70,36,89,104,100,91,116,130,121,97,93,71,105,106,112,96,129,111,106,93,100,57,37,33,48,48,52,44,63,72,155,156,156,156,154,156,154,146,191,191,186,183,201,176,180,165,208,227,346,337,345,341,341,333,315,306]} 1. d4 d5 2. Nf3 e6 3. c4 a6 4. e3 c5 5. Nc3 Nf6 6. cxd5 exd5 7. g3 {D40: Queen's Gambit Declined: Semi-Tarrasch with 5 e3.} Nc6 8. Bg2 Bd6 9. O-O {White is slightly better.} O-O 10. dxc5 Bxc5 11. b3 Be6 12. Bb2 Qe7 13. Rc1 Rac8 {[#]} 14. Na4 $146 ({Predecessor:} 14. Qd3 Rfd8 15. Ne2 Ba3 16. Qb1 Ne4 17. Qa1 Bg4 18. Ned4 Bxf3 19. Nxf3 Bxb2 20. Qxb2 {½-½ (39) Kramnik,V (2793)-Sadler,M (2646) London 2013}) 14... Ba3 15. Bxa3 Qxa3 16. Nb6 Rcd8 17. Nd4 Ne4 ({Black should play} 17... Nxd4 $11 18. Qxd4 Qxa2) 18. Rc2 Qd6 {[#]} (18... Ne5 $14) 19. Nxc6 $1 $16 bxc6 20. Qc1 Rb8 21. Na4 Rfc8 22. Rd1 {Bxe4 is the strong threat.} Bf5 23. Nc5 {Hoping for Bxe4.} Ng5 {[#]} 24. e4 $1 {[%mdl 512]} Bg4 (24... dxe4 25. Rxd6) 25. Rd3 Nh3+ 26. Kf1 Re8 27. f3 Bc8 28. Bxh3 Bxh3+ 29. Kf2 Qg6 {[%cal Rd5e4]} 30. Re2 ({Reject} 30. Nxa6 dxe4 31. Re3 Rbc8 $15) 30... dxe4 31. Rxe4 Rxe4 32. Nxe4 $40 {[%mdl 128] White attacks with force.} Re8 (32... Bf5 $142) 33. Rd6 Qf5 34. Qg5 Qxg5 35. Nxg5 {[%mdl 4096] Endgame KRB-KRN} Bf5 36. Rxc6 f6 37. Ne4 $1 Bxe4 38. fxe4 $18 {KR-KR} a5 39. Rc4 Kf7 40. Ke3 Re5 41. Kd4 Rh5 (41... Re8 $142 42. Rc7+ Kg6) 42. h4 {White has a decisive advantage.} Rb5 43. Rc5 Rb4+ 44. Kd3 a4 45. Rc4 {Weighted Error Value: White=0.07/Black=0.18} 1-0

[Event "14th SRB-ch 2020"]
[Site "Vrnjacka Banja"]
[Date "2020.12.07"]
[Round "1.5"]
[White "Damljanovic, Branko"]
[Black "Cabarkapa, Novak"]
[Result "0-1"]
[WhiteElo "2513"]
[BlackElo "2463"]
[Annotator "TA"]
[PlyCount "74"]
[EventDate "2020.12.07"]
[EventType "tourn"]
[EventCountry "SRB"]
[SourceTitle "playchess.com"]
[Source "ChessBase"]
[SourceQuality "1"]

{[%evp 9,74,45,55,47,44,42,51,50,55,31,18,24,23,20,25,14,18,20,22,17,28,27,28,28,30,-64,-71,-65,0,0,14,0,0,0,0,0,0,-45,-43,-60,-44,-94,-94,-93,-74,-112,-100,-98,-91,-100,-53,-96,-91,-102,-101,-94,-93,-112,-108,-123,-127,-113,-90,-432,-400,-511,-490]} 1. Nf3 Nf6 2. c4 g6 3. Nc3 Bg7 4. e4 e5 5. Nxe5 O-O 6. Nf3 {A16: English Opening: 1...Nf6 with ...d5.} Re8 $1 7. d3 d5 $1 {[%cal Rd5e4]} 8. cxd5 {White is slightly better.} Nxd5 9. Nxd5 Qxd5 10. Be2 Qd6 11. O-O c5 12. Rb1 Nc6 {[%cal Bb8c6,Bc6d4,Bd4e6][%mdl 32]} 13. Be3 b6 {[#]} 14. a3 $146 ({Predecessor:} 14. h3 a5 15. a3 Ba6 16. Qc2 Rad8 17. Rfd1 Bc8 18. Rbc1 Be6 19. Qa4 Bd7 20. Qb3 {½-½ (28) Sospedra Sebastian,J (2408)-Gomila Marti,S (2361) ICCF email 2017}) 14... Bg4 15. Ng5 Bd7 16. b4 Nd4 17. Bg4 (17. Bxd4 $11 Bxd4 18. Qb3 $1 {[%mdl 512]}) 17... Bxg4 $15 18. Qxg4 h6 (18... cxb4 $15 19. axb4 Nb5) 19. bxc5 $11 Qxc5 20. Rfc1 Qd6 21. Nh3 $1 Ne6 $36 {[%mdl 2048] Black has some pressure.} 22. Rd1 Rad8 23. a4 Qa3 24. Qe2 Qxa4 25. f4 Nd4 26. Bxd4 Qxd4+ 27. Kh1 a5 28. Ng1 Rb8 29. Nf3 Qf6 30. Qe3 b5 {[%cal Bb6b5,Bb5b4][%mdl 32]} 31. d4 Qb6 32. e5 b4 33. Qe4 a4 34. d5 a3 {Hoping for ...b3.} 35. Nd4 Ra8 {...a2 is the strong threat.} 36. Qe1 $2 {[%mdl 8192] [#]} (36. Nb3 $17) 36... a2 $1 $19 {[%cal Ra2b1]} 37. Rb3 {[#]} a1=Q $1 {[%mdl 512] Weighted Error Value: White=0.36/Black=0.05} 0-1

[Event "14th SRB-ch 2020"]
[Site "Vrnjacka Banja"]
[Date "2020.12.08"]
[Round "2.1"]
[White "Lajthajm, Borko"]
[Black "Cabarkapa, Novak"]
[Result "1/2-1/2"]
[WhiteElo "2383"]
[BlackElo "2463"]
[Annotator "TA"]
[PlyCount "143"]
[EventDate "2020.12.07"]
[EventType "tourn"]
[EventCountry "SRB"]
[SourceTitle "playchess.com"]
[Source "ChessBase"]
[SourceQuality "1"]

{[%evp 17,143,27,13,0,0,0,0,0,0,10,6,-3,19,0,30,37,39,33,29,37,50,56,62,56,57,46,52,22,22,8,22,23,23,24,22,24,22,20,31,12,13,14,34,0,0,0,0,0,1,-16,-12,-33,-33,-21,-12,-2,0,0,0,0,0,0,0,0,0,0,0,0,0,-11,-7,-8,0,0,0,0,0,-8,-8,-8,0,0,6,0,0,0,17,8,8,3,5,5,20,0,8,-8,28,8,8,8,8,8,8,0,0,0,0,0,0,0,0,0,0,0,0,0,0,0,0,0,0,0,0,0,0,0,0,0]} 1. e4 e5 2. Nf3 Nc6 3. Bb5 a6 4. Ba4 Nf6 5. d3 b5 6. Bb3 Bc5 7. a4 Rb8 8. axb5 axb5 9. O-O d6 10. h3 {C78: Ruy Lopez: Archangelsk and Möller Defences.} h6 11. c3 O-O 12. Re1 Bb6 {is the legacy move (12...Re8).} 13. Na3 {[%cal Bb1a3,Ba3c2,Bc2e3,Be3c4][%mdl 32] [#]} Bd7 $146 ({Predecessor:} 13... Na5 14. Ba2 c6 15. b4 Nb7 16. c4 Bd7 17. Bb2 Ra8 18. d4 Bc7 19. cxb5 cxb5 20. dxe5 dxe5 {½-½ (36) Hamdouchi,H (2513)-Korneev,O (2619) Dos Hermanas 2000}) 14. Nc2 Be6 15. Ne3 b4 16. Bxe6 fxe6 17. Nc4 bxc3 18. bxc3 Qe8 19. Nxb6 Rxb6 20. Be3 Rb7 21. Qa4 Ne7 22. Qxe8 Rxe8 23. Reb1 Reb8 24. Rxb7 Rxb7 25. Kf1 Kf7 26. Ke2 Nc6 27. Kd1 Ke7 28. Kc2 Rb5 29. Nd2 Ra5 30. Rg1 Ra2+ 31. Kb1 Ra8 32. g4 d5 33. Bc5+ Kf7 34. Kb2 Nd7 35. Ba3 Nb6 {Threatening ...Na4+.} 36. Kb3 Na5+ 37. Kc2 Nac4 38. dxc4 {[#] Black must now prevent Ra1.} Rxa3 $11 {[%mdl 4096] Endgame KRN-KRN} 39. Kb2 Ra8 40. exd5 exd5 41. Re1 Re8 42. cxd5 Nxd5 43. h4 Nf4 {[#] Threatens to win with ...Nd3+.} 44. Re3 h5 45. gxh5 Rh8 46. Kc2 Rxh5 47. Nf3 Kf6 48. Re4 Rf5 49. Nxe5 Nh3 50. Nd7+ Kg6 51. f3 Kh6 52. Re6+ Kh7 53. Rc6 Ng1 54. Rxc7 Nxf3 55. c4 Rf4 56. h5 Kh6 (56... Rf7 $5 {[%cal Rf3e5]}) 57. Rc5 Rf5 {The position is equal.} 58. Rc8 Kxh5 59. c5 g5 60. Kd3 Rd5+ 61. Ke4 {Cut Off at move 61} Rxd7 62. Kxf3 {KR-KR} Rd3+ 63. Ke4 (63. Ke2 {keeps more tension.} Rc3 64. c6 Rc2+ 65. Ke3 Rc3+ 66. Kd4) 63... Rc3 64. c6 (64. Rh8+ {feels hotter.} Kg4 65. Kd4 Rc2 66. Rh1 Kf3 67. Kd5) 64... Kh4 65. Kd5 (65. c7 {is more complex.} Kg3 66. Ke5 Rc1 67. Kd4 g4 68. Ke4) 65... g4 66. Rh8+ Kg3 67. Rf8 Kg2 68. Rf4 g3 69. Kd6 Kh2 70. Rh4+ Kg1 71. Rh3 Kf2 72. c7 {Weighted Error Value: White=0.06/Black=0.04} 1/2-1/2

[Event "14th SRB-ch 2020"]
[Site "Vrnjacka Banja"]
[Date "2020.12.08"]
[Round "2.2"]
[White "Todorovic, Goran M"]
[Black "Damljanovic, Branko"]
[Result "1/2-1/2"]
[WhiteElo "2417"]
[BlackElo "2513"]
[Annotator "TA"]
[PlyCount "117"]
[EventDate "2020.12.07"]
[EventType "tourn"]
[EventCountry "SRB"]
[SourceTitle "playchess.com"]
[Source "ChessBase"]
[SourceQuality "1"]

{[%evp 13,117,7,17,0,0,0,0,0,0,0,18,27,17,29,21,25,23,24,12,19,15,15,18,32,26,13,27,0,30,29,35,28,53,34,82,77,77,8,42,37,35,39,36,25,43,20,148,154,154,154,146,146,150,146,153,152,151,137,149,137,222,187,271,228,356,352,314,161,168,162,162,147,115,85,72,83,119,13,71,71,67,67,67,67,65,62,68,13,13,13,13,8,20,20,54,54,52,56,58,58,57,39,64,0,56,26]} 1. e4 c5 2. Nf3 e6 3. d4 cxd4 4. Nxd4 a6 5. Nc3 Qc7 6. Bd3 Nf6 7. f4 Bb4 8. Bd2 {B43: Sicilian: Kan Variation: 5 Nc3.} Bxc3 9. Bxc3 Qxf4 10. Qe2 {The position is equal.} d6 11. Nf3 Nc6 12. O-O Qg4 13. h3 Qh5 14. Qf2 {[#]} Qc5 $146 ({Predecessor:} 14... b5 15. e5 dxe5 16. Rfe1 b4 17. Bxe5 Bb7 18. Qb6 Nd8 19. Bd6 Bxf3 20. gxf3 Qxh3 21. Bxa6 Rxa6 22. Qxa6 Qxf3 {1-0 (38) Czegledi,L (2210)-Andre,R (1671) LSS email 2011}) 15. e5 Qxf2+ 16. Rxf2 Nd5 17. exd6 {[%mdl 64] Discovered Attack} Nxc3 18. bxc3 f6 19. c4 Bd7 20. Nd2 Nd8 21. Nb3 a5 22. Rb1 Bc6 23. Nd4 Kd7 24. c5 a4 25. Bb5 (25. Nxc6 $16 bxc6 26. Rf4) 25... Re8 26. c4 e5 27. Nf5 Ne6 $1 28. Bxc6+ Kxc6 29. d7 $36 {[%mdl 2048] White fights for an advantage.} Red8 (29... Kxd7 $11 30. Nxg7 (30. Rxb7+ Kc6 $11 {[%mdl 64] Double Attack}) 30... Nxg7 31. Rxb7+ Ke6) 30. Rb6+ $1 $16 Kxc5 31. Rxe6 Rxd7 32. Rb2 Ra6 33. Rxa6 bxa6 {[%mdl 4096] Endgame KRN-KR} 34. Ne3 $1 g6 35. Kf1 f5 36. Ke2 h5 (36... e4 $16) 37. a3 Rd6 (37... e4 {might work better.}) 38. Rb8 $18 Kd4 (38... h4 $142 39. Rc8+ Rc6 40. Rxc6+ Kxc6) 39. Rc8 Kc3 {intending ...Rd2+.} 40. c5 (40. Nd5+ $142 Kd4 41. h4) 40... Rd2+ 41. Ke1 Rd3 {[#]} 42. Nf1 $1 {Strongly threatening c6.} Kc2 43. Ra8 Rxa3 44. Rxa6 Kd3 {[#]} 45. c6 (45. Rd6+ $1 $16 Kc2 46. Ke2 (46. Rxg6 Rc3 $11)) 45... Ra1+ (45... h4 $11 {remains equal.}) 46. Kf2 $16 {And now c7 would win.} Ra2+ 47. Kg1 $1 Rc2 48. Rxa4 Rxc6 49. Ra3+ Kd4 50. Ng3 (50. h4 $14) 50... h4 $11 51. Ne2+ Ke4 52. Nc3+ Kf4 53. Kf2 e4 54. Ne2+ Kg5 55. Ke3 Rb6 56. Rc3 Ra6 57. Rb3 Rd6 58. Rc3 ({White should play} 58. Nf4 $14) 58... Rb6 ({Black should try} 58... Ra6 $11) 59. Ra3 {Black escapes into a draw.  Weighted Error Value: White=0.14/Black=0.19} 1/2-1/2

[Event "14th SRB-ch 2020"]
[Site "Vrnjacka Banja"]
[Date "2020.12.08"]
[Round "2.3"]
[White "Perunovic, Milos"]
[Black "Ivanisevic, Ivan"]
[Result "1/2-1/2"]
[WhiteElo "2576"]
[BlackElo "2608"]
[Annotator "TA"]
[PlyCount "46"]
[EventDate "2020.12.07"]
[EventType "tourn"]
[EventCountry "SRB"]
[SourceTitle "playchess.com"]
[Source "ChessBase"]
[SourceQuality "1"]

{[%evp 23,25,20,21,8]} 1. e4 c5 2. Nf3 e6 3. d4 cxd4 4. Nxd4 Nc6 5. Nc3 Qc7 6. Be2 a6 7. O-O Nf6 8. Be3 Bb4 9. Nxc6 bxc6 10. Na4 O-O 11. Nb6 Rb8 12. Nxc8 Rfxc8 13. Bxa6 {Not much happened in this game. B49: Sicilian: Taimanov: 5 Nc3 Qc7 6 Be3 a6 7 Be2.} Rf8 14. Bd3 Bd6 15. f4 e5 {[#]} 16. b3 $146 ({Predecessor:} 16. f5 Rxb2 17. g4 h6 18. h4 Nd5 19. exd5 e4 20. Be2 Bc5 21. Bxc5 Qg3+ 22. Kh1 Qh3+ 23. Kg1 Qg3+ 24. Kh1 Qh3+ 25. Kg1 Qg3+ 26. Kh1 {½-½ (26) Danin,A (2526)-Saric,A (2559) Austria 2020}) 16... exf4 17. Bd4 f3 18. e5 f2+ 19. Rxf2 Bxe5 20. Bxe5 Qxe5 21. Rf1 h5 22. h3 d5 23. Qf3 Ne4 {1-0 (35) Perunovic,M (2549)-Ivanisevic,I (2542) Kopaonik 2005 CBM 107 [Ribli,Z]} 1/2-1/2

[Event "14th SRB-ch 2020"]
[Site "Vrnjacka Banja"]
[Date "2020.12.08"]
[Round "2.4"]
[White "Indjic, Aleksandar"]
[Black "Budisavljevic, Luka"]
[Result "1-0"]
[WhiteElo "2604"]
[BlackElo "2492"]
[Annotator "TA"]
[PlyCount "85"]
[EventDate "2020.12.07"]
[EventType "tourn"]
[EventCountry "SRB"]
[SourceTitle "playchess.com"]
[Source "ChessBase"]
[SourceQuality "1"]

{[%evp 9,85,-8,0,-10,0,-33,-21,-28,-29,-26,40,40,44,45,42,46,48,42,50,42,75,59,208,198,207,184,286,300,269,263,259,236,273,241,435,429,443,484,475,447,455,462,478,470,615,623,585,459,491,490,468,321,313,311,374,375,641,401,715,668,727,720,720,720,712,706,708,683,762,672,753,753,732,726,932,922,1276,1249]} 1. d4 d5 2. c4 e6 3. Nf3 a6 4. Qc2 dxc4 5. Qxc4 b5 6. Qc2 {D30: Queen's Gambit Declined: Systems without Nc3.} Bb7 {[#]} 7. Bf4 $146 ({Predecessor:} 7. e4 Nf6 8. Bd3 c5 9. dxc5 Nc6 10. Be2 Nb4 11. Qc3 Bxc5 12. Qxc5 Rc8 13. Bxb5+ axb5 14. Qxb5+ {½-½ (84) Macieja,B (2509)-Li,D (2488) chess.com INT 2019}) 7... Nc6 {[%cal Bb8c6,Bc6b4,Bb4c2][%mdl 32]} 8. e3 {The position is equal.} Nb4 9. Qd1 ({Wrong is} 9. Qxc7 $2 Qxc7 10. Bxc7 Nc2+ 11. Kd2 Nxa1 $19) 9... Be4 (9... c5 $11) 10. Nc3 $14 Nc2+ 11. Kd2 $1 Bb4 12. Rc1 {Black must now prevent Bd3.} Bxc3+ 13. bxc3 Na3 14. Qb3 $36 {[%mdl 2048] White has some pressure.} Qe7 $1 15. c4 b4 (15... Nf6 $14) 16. Qa4+ $18 Kf8 17. Ne5 Nf6 (17... f6 {is a better defense.}) 18. f3 Bb7 19. Nc6 Bxc6 20. Qxc6 {[%mdl 64] [#] Double Attack} Ra7 21. e4 {And now d5 would win.} a5 $2 (21... Kg8 22. d5 Nd7 23. Bxc7 h5) 22. d5 a4 23. d6 Qd7 {[#]} 24. Qc5 $1 {[%cal Rc5a7]} ({Not} 24. Qxd7 Nxd7 25. dxc7 Ke7 $18) 24... Rb7 {intending ...Ne8.} 25. Bd3 {[%cal Rd6c7]} cxd6 26. Qxd6+ Qxd6 27. Bxd6+ Ke8 28. c5 {[%cal Bc4c5,Bc5c6][%mdl 32]} Kd8 29. c6 Rb6 30. Bc5 Kc7 31. Rhd1 ({Resist} 31. Bxb6+ $6 Kxb6 32. Be2 Rc8 $18) 31... Rc8 32. Ke3 Rcb8 $2 (32... Ne8 33. e5 Rd8 34. Bxb6+ Kxb6) 33. Ba6 Ne8 (33... Rxa6 $142 34. Bd6+ {[%mdl 64] Skewer} Kc8) 34. Bb7 {White is clearly winning.} R6xb7 35. cxb7 Kxb7 36. Bxb4 Nb5 37. Rd7+ {[%mdl 64] Double Attack} Kb6 38. Rxf7 Rd8 39. Rf8 e5 40. Rf5 Nec7 41. Rxe5 Na6 42. Re6+ Kb7 43. Ba5 {Black did not feel at home in the position after the opening.  Weighted Error Value: White=0.22/Black=0.42} 1-0

[Event "14th SRB-ch 2020"]
[Site "Vrnjacka Banja"]
[Date "2020.12.08"]
[Round "3.1"]
[White "Kovacevic, Aleksandar"]
[Black "Lajthajm, Borko"]
[Result "1/2-1/2"]
[WhiteElo "2480"]
[BlackElo "2383"]
[Annotator "ChessBase"]
[PlyCount "100"]
[EventDate "2020.12.07"]
[EventType "tourn"]
[EventCountry "SRB"]
[SourceTitle "playchess.com"]
[Source "ChessBase"]
[SourceQuality "1"]
[TimeControl "40/5400+30:1800+30"]

1. e4 {[%emt 0:00:00]} e5 {[%emt 0:00:00]} 2. Nf3 {[%emt 0:00:01]} Nf6 {[%emt 0:00:00]} 3. Nc3 {[%emt 0:00:13]} Nc6 {[%emt 0:00:00]} 4. h3 {[%emt 0:00:14]} Bb4 {[%emt 0:00:46]} 5. Nd5 {[%emt 0:00:29]} Ba5 {[%emt 0:00:31]} 6. Bc4 {[%emt 0:03:27]} O-O {[%emt 0:00:54]} 7. Nxf6+ {[%emt 0:09:53]} Qxf6 {[%emt 0:00:40]} 8. O-O {[%emt 0:00:09]} d6 {[%emt 0:00:28]} 9. d3 {[%emt 0:00:24]} h6 {[%emt 0:00:47]} 10. c3 {[%emt 0:00:43]} Bb6 {[%emt 0:00:17]} 11. a4 {[%emt 0:01:10]} Be6 {[%emt 0:01:32]} 12. Nd2 {[%emt 0:02:59]} a6 {[%emt 0:01:18]} 13. Qe2 {[%emt 0:10:35]} Rad8 {[%emt 0:03:24]} 14. b4 {[%emt 0:08:03]} d5 {[%emt 0:06:44]} 15. exd5 {[%emt 0:01:15]} Bxd5 {[%emt 0:00:05]} 16. b5 {[%emt 0:01:55]} axb5 {[%emt 0:00:51]} 17. axb5 {[%emt 0:00:13]} Ne7 {[%emt 0:00:24]} 18. Ba3 {[%emt 0:01:29]} Rfe8 {[%emt 0:00:06]} 19. Bxe7 {[%emt 0:16:44]} Qxe7 {[%emt 0:00:11]} 20. Bxd5 {[%emt 0:07:03]} Rxd5 {[%emt 0:00:20]} 21. c4 {[%emt 0:00:16]} Rd7 {[%emt 0:02:28]} 22. Rad1 {[%emt 0:00:36]} Red8 {[%emt 0:00:51]} 23. Nf3 {[%emt 0:03:20]} Bd4 {[%emt 0:00:20]} 24. Qe4 {[%emt 0:01:02]} b6 {[%emt 0:00:39]} 25. Rfe1 {[%emt 0:00:25]} Qc5 {[%emt 0:01:48]} 26. Nxd4 {[%emt 0:07:09]} Rxd4 {[%emt 0:00:35]} 27. Qxe5 {[%emt 0:00:14]} Qxe5 {[%emt 0:01:03]} 28. Rxe5 {[%emt 0:00:04]} Rxc4 {[%emt 0:01:29]} 29. Re8+ {[%emt 0:01:42]} Rxe8 {[%emt 0:00:14]} 30. dxc4 {[%emt 0:00:05]} Kf8 {[%emt 0:00:24]} 31. Rd7 {[%emt 0:00:26]} Rc8 {[%emt 0:00:15]} 32. Kf1 {[%emt 0:00:16]} Ke8 {[%emt 0:00:33]} 33. Rd2 {[%emt 0:05:51]} Ke7 {[%emt 0:03:00]} 34. Ke2 {[%emt 0:00:47]} Ra8 {[%emt 0:00:07]} 35. Ke3 {[%emt 0:00:40]} Ke6 {[%emt 0:00:07]} 36. h4 {[%emt 0:01:48]} g6 {[%emt 0:00:37]} 37. g3 {[%emt 0:02:21]} h5 {[%emt 0:00:40]} 38. Ke4 {[%emt 0:02:42]} Ra4 {[%emt 0:01:13]} 39. Kd4 {[%emt 0:03:26]} Ra1 {[%emt 0:01:03]} 40. Re2+ {[%emt 0:02:52]} Kd6 {[%emt 0:00:46]} 41. Rd2 {[%emt 0:36:21]} Rc1 {[%emt 0:31:25]} 42. Rd3 {[%emt 0:00:00]} Rc2 {[%emt 0:00:00]} 43. Rf3 {[%emt 0:00:00]} f5 {[%emt 0:00:00]} 44. Rd3 {[%emt 0:00:00]} Re2 {[%emt 0:00:00]} 45. f4 {[%emt 0:00:00]} c6 {[%emt 0:00:00]} 46. bxc6 {[%emt 0:00:00]} Re4+ {[%emt 0:00:00]} 47. Kc3+ {[%emt 0:00:00]} Kxc6 {[%emt 0:00:00]} 48. Rd8 {[%emt 0:00:00]} Re1 {[%emt 0:00:00]} 49. Rd3 {[%emt 0:00:00]} Kc5 {[%emt 0:00:00]} 50. Rd5+ {[%emt 0:00:00]} Kc6 {[%emt 0:00:00]} 1/2-1/2